<?xml version="1.0" encoding="UTF-8"?>
<record
    xmlns:xsi="http://www.w3.org/2001/XMLSchema-instance"
    xsi:schemaLocation="http://www.loc.gov/MARC21/slim http://www.loc.gov/standards/marcxml/schema/MARC21slim.xsd"
    xmlns="http://www.loc.gov/MARC21/slim">

  <leader>00514nam a2200169   4500</leader>
  <controlfield tag="003">LK-CoMWRAF</controlfield>
  <controlfield tag="005">20230907143950.0</controlfield>
  <controlfield tag="008">230907b2003    |||||||| |||| 00| 0 eng d</controlfield>
  <datafield tag="020" ind1=" " ind2=" ">
    <subfield code="a">9558464265</subfield>
  </datafield>
  <datafield tag="040" ind1=" " ind2=" ">
    <subfield code="a">LK-CoMWRAF</subfield>
    <subfield code="d">LK-CoMWRAF</subfield>
    <subfield code="e">LK-CoMWRAF</subfield>
  </datafield>
  <datafield tag="041" ind1=" " ind2=" ">
    <subfield code="a">sin</subfield>
  </datafield>
  <datafield tag="082" ind1=" " ind2=" ">
    <subfield code="a">750</subfield>
    <subfield code="b">DIA</subfield>
  </datafield>
  <datafield tag="100" ind1=" " ind2=" ">
    <subfield code="a">&#xDA9;&#xDBA;&#xDC3;&#xDCA;, &#xDC3;&#xDD2;&#xDA9;&#xDCA;&#xDB1;&#xDD2; &#xDB8;&#xDCF;&#xD9A;&#xDC3;&#xDCA;</subfield>
  </datafield>
  <datafield tag="245" ind1=" " ind2=" ">
    <subfield code="a">&#xDC3;&#xDD2;&#xDAD;&#xDCA;&#xDAD;&#xDB8;&#xDCA; &#xDC4;&#xDD4;&#xDBB;&#xDD4;&#xDC0;</subfield>
  </datafield>
  <datafield tag="260" ind1=" " ind2=" ">
    <subfield code="a">&#xD86;&#xDAB;&#xDB8;&#xDA9;&#xDD4;&#xDC0; :</subfield>
    <subfield code="b">&#xDAD;&#xDDD;&#xDAD;&#xDD0;&#xDB1;&#xDCA;&#xDB1; &#xDB4;&#xDCA;&#x200D;&#xDBB;&#x200D;&#xD9A;&#xDCF;&#xDC1;&#xDB1;,</subfield>
    <subfield code="c">2003</subfield>
  </datafield>
  <datafield tag="942" ind1=" " ind2=" ">
    <subfield code="c">BK</subfield>
  </datafield>
  <datafield tag="952" ind1=" " ind2=" ">
    <subfield code="0">0</subfield>
    <subfield code="1">0</subfield>
    <subfield code="4">0</subfield>
    <subfield code="7">0</subfield>
    <subfield code="a">MAIN</subfield>
    <subfield code="b">MAIN</subfield>
    <subfield code="d">2023-09-07</subfield>
    <subfield code="l">0</subfield>
    <subfield code="o">750 DIA</subfield>
    <subfield code="p">RAF900</subfield>
    <subfield code="r">2023-09-07</subfield>
    <subfield code="w">2023-09-07</subfield>
    <subfield code="y">BK</subfield>
  </datafield>
  <datafield tag="999" ind1=" " ind2=" ">
    <subfield code="c">3452</subfield>
    <subfield code="d">3452</subfield>
  </datafield>
</record>
